02232nam a2200445 a 4500001001200000003000800012006001900020007001500039008004100054010001700095020003600112020003300148020002700181040002100208035002100229043001200250050002500262082001900287100002700306245007700333260004100410300002600451490003600477500005900513500004300572500046900615504005201084533015201136650004301288650003601331651004701367655002901414710005601443710004701499710002201546710001701568830005601585856012601641999001901767ebr10535734CaPaEBRm u cr cn|||||||||110629s2011 caua sb 000 0 eng d z 2011027832 z9780833051387 (pbk. alk. paper) z0833051385 (pbk. alk. paper) z9780833051585 (e-book) aCaPaEBRcCaPaEBR a(OCoLC)785785383 aa-af---14aUA853.A3bJ68 2011eb04a958.104/712231 aJones, Seth G.,d1972-10aReintegrating Afghan insurgentsh[electronic resource] /cSeth G. Jones. aSanta Monica, Calif. :bRAND,c2011. ax, 27 p. :bcol. ill.1 aOccasional paper ;vOP-327-MCIA a"Prepared for the Marine Corps Intelligence Activity." a"National Defense Research Institute." a"The research described in this report was prepared for the Marine Corps Intelligence Activity. The research was conducted within the RAND National Defense Research Institute, a federally funded research and development center sponsored by the Office of the Secretary of Defense, the Joint Staff, the Unified Combatant Commands, the Navy, the Marine Corps, the defense agencies, and the defense Intelligence Community under Contract W74V8H-06-C-0002."--T.p. verso. aIncludes bibliographical references (p. 23-27). aElectronic reproduction.bPalo Alto, Calif. :cebrary,d2011.nAvailable via World Wide Web.nAccess may be limited to ebrary affiliated libraries. 0aSoldiersxRehabilitationzAfghanistan. 0aCounterinsurgencyzAfghanistan. 0aAfghanistanxArmed ForcesxDemobilization. 7aElectronic books.2local1 aUnited States.bMarine Corps Intelligence Activity.2 aNational Defense Research Institute (U.S.)2 aRand Corporation.2 aebrary, Inc. 0aOccasional paper (Rand Corporation) ;vOP-327-MCIA.40uhttp://site.ebrary.com/lib/rucke/Doc?id=10535734zAn electronic book accessible through the World Wide Web; click to view c132901d132901